00426nam a2200133Ia 450000500170000000800410001702000180005808200220007610000240009824500870012226000270020930000110023665000450024720250329113351.0231217s9999 xx 000 0 und d a9788131405444 a658.723 JAY;1 R aJaya Krishna, S ed. 0aIcfai University Press on business process outsourcing : concepts and perspectives c2006bIcfaiaHyderabad ax, 239 aIcfai,Press,business,process,outsourcing